Countries most similar to Marshall Islands - Statistics

General Stats
  • This quiz has been taken 9 times
  • The average score is 13 of 20
Answer Stats
Rank Country % Correct
5 Kiribati
100%
4 Nauru
100%
7 Samoa
100%
3 Tuvalu
100%
19 Antigua and Barbuda
83%
10 Fiji
83%
1 Palau
83%
8 Solomon Islands
83%
6 Tonga
83%
9 Vanuatu
83%
17 Barbados
67%
2 Micronesia
67%
11 Papua New Guinea
67%
20 St Kitts and Nevis
50%
12 Comoros
33%
15 Mauritius
33%
16 Brunei
17%
18 Grenada
17%
14 Maldives
17%
13 Seychelles
17%
No matching quizzes found
Score Distribution
Percent of People with Each Score
Percentile by Number Answered
Your Score History
You have not taken this quiz